| 000 | 01250cam a2200169 4500500 | ||
|---|---|---|---|
| 005 | 20251228093200.0 | ||
| 041 | _afre | ||
| 042 | _adc | ||
| 100 | 1 | 0 |
_aDe Cornulier, Benoît _eauthor |
| 245 | 0 | 0 | _aPour une approche de la poésie métrique au XIXe siècle |
| 260 | _c2008. | ||
| 500 | _a89 | ||
| 520 | _aDes analyses distributionnelles méthodiques de corpus ont contribué depuis quelques dizaines d’années à améliorer notre connaissance des rythmes réguliers, et notamment des/mètres/, de la poésie littéraire métrique du XIXe siècle. L’analyse métrique d’ensemble, du mètre à la forme globale, est illustrée à propos d’un sonnet des / Fleurs du Mal, / « Les Aveugles ». | ||
| 520 | _aThe methodical analysis of the distribution of morphological properties has improved our knowledge of the regular rythms, and particularly of the meters, in the metric literary poetry of the French XIXth century. Global analysis, from meter to the overall form of a poem, is illustrated here by a sonnet from the / Fleurs du Mal, / « Les Aveugles ». | ||
| 786 | 0 | _nRomantisme | 140 | 2 | 2008-06-01 | p. 37-52 | 0048-8593 | |
| 856 | 4 | 1 | _uhttps://shs.cairn.info/revue-romantisme-2008-2-page-37?lang=fr&redirect-ssocas=7080 |
| 999 |
_c1604104 _d1604104 |
||